Radiobiological evaluation of the 3D-conformal radiotherapy of the pancreas cancer: results of a comparative study between filed-in-filed technique and the use of conventional wedges (Record no. 332757)
[ view plain ]
| 000 -LEADER | |
|---|---|
| fixed length control field | 00520nam a2200133Ia 4500 |
| 008 - FIXED-LENGTH DATA ELEMENTS--GENERAL INFORMATION | |
| fixed length control field | 170516s9999 xx 000 0 und d |
| 245 ## - TITLE STATEMENT | |
| Title | Radiobiological evaluation of the 3D-conformal radiotherapy of the pancreas cancer: results of a comparative study between filed-in-filed technique and the use of conventional wedges |
| 260 ## - PUBLICATION, DISTRIBUTION, ETC. (IMPRINT) | |
| Name of publisher, distributor, etc | Journal of Radiobiology |
| 260 ## - PUBLICATION, DISTRIBUTION, ETC. (IMPRINT) | |
| Date of publication, distribution, etc | 2016 |
| 300 ## - PHYSICAL DESCRIPTION | |
| Extent | 3:1 |
| 650 ## - SUBJECT ADDED ENTRY--TOPICAL TERM | |
| General subdivision | Radiologic Technology |
| 650 ## - SUBJECT ADDED ENTRY--TOPICAL TERM | |
| General subdivision | Radtech |
| 856 ## - ELECTRONIC LOCATION AND ACCESS | |
| Uniform Resource Identifier | <a href="http://nikanrescorp.com/index.php/JRB/issue/view/15">http://nikanrescorp.com/index.php/JRB/issue/view/15</a> |
| Withdrawn status | Lost status | Damaged status | Home library | Current library | Date acquired | Total Checkouts | Date last seen | Price effective from | Koha item type |
|---|---|---|---|---|---|---|---|---|---|
| College Library | College Library | 05/16/2017 | 05/16/2017 | 05/16/2017 | Foreign e-journal articles |